[Event "Memorial Perezzani 2019"]
[Site "?"]
[Date "2019.03.02"]
[Round "2.11"]
[White "Sala, Giulia"]
[Black "Cortese, Lina"]
[Result "1/2-1/2"]
[WhiteElo "1774"]
[BlackElo "1634"]
[PlyCount "129"]
[EventDate "2019.??.??"]

1. e4 e6 2. d4 d5 3. Nc3 Nf6 4. e5 Nfd7 5. Nce2 c5 6. c3 Nc6 7. Nf3 Qb6 8. a3
Na5 9. b4 cxd4 10. cxd4 Nc4 11. Nc3 Qc6 12. Qb3 b5 13. Be2 Be7 14. O-O O-O 15.
Bf4 f6 16. exf6 Bxf6 17. Rac1 Qb6 18. Rfd1 Bb7 19. a4 a6 20. Bg3 Rfe8 21. h3
Nb8 22. Re1 Nc6 23. axb5 axb5 24. Qd1 Nxd4 25. Nxd4 Bxd4 26. Nxb5 Bxf2+ 27.
Bxf2 Qxb5 28. Bc5 Ra2 29. Qb3 Rea8 30. Bg4 e5 31. Be6+ Kh8 32. Qd3 Rd2 33. Qf1
Qc6 34. Bg4 Qg6 35. Ra1 Qf6 36. Qxf6 gxf6 37. Rxa8+ Bxa8 38. Rf1 d4 39. Bf3
Bxf3 40. Rxf3 Ne3 41. Rxf6 Rxg2+ 42. Kh1 Re2 43. Re6 Re1+ 44. Kh2 Re2+ 45. Kh1
Nf5 46. b5 d3 47. Bb4 d2 48. Bxd2 Rxd2 49. Rxe5 Ng3+ 50. Kg1 Rb2 51. h4 Ne2+
52. Kf1 Nd4 53. h5 Rxb5 54. Re4 Rf5+ 55. Kg2 Rg5+ 56. Kf2 Nf5 57. Re8+ Kg7 58.
Kf3 Rxh5 59. Kg4 Rh1 60. Kxf5 Rf1+ 61. Kg4 Rg1+ 62. Kh3 Rg6 63. Re4 Rh6+ 64.
Rh4 Rxh4+ 65. Kxh4 1/2-1/2

[Event "Memorial Perezzani 2019"]
[Site "?"]
[Date "2019.03.02"]
[Round "2.12"]
[White "Tencheni, Maurizio"]
[Black "Marcori, Mirko"]
[Result "1/2-1/2"]
[WhiteElo "1599"]
[BlackElo "1733"]
[PlyCount "46"]
[EventDate "2019.??.??"]

1. Nf3 Nf6 2. c4 g6 3. g3 Bg7 4. Bg2 O-O 5. O-O b6 6. Nc3 Bb7 7. d3 c5 8. e4 d6
9. h3 Nc6 10. a3 Qd7 11. Rb1 Rad8 12. Be3 Qc8 13. Qd2 Nd7 14. Ne2 Nde5 15. Bh6
Nxf3+ 16. Bxf3 Qxh3 17. Bxg7 Kxg7 18. Nf4 Qc8 19. Kg2 Nd4 20. Bd1 e5 21. Nh5+
gxh5 22. Qg5+ Kh8 23. Qf6+ Kg8 1/2-1/2

[Event "Memorial Perezzani 2019"]
[Site "?"]
[Date "2019.03.02"]
[Round "2.13"]
[White "Gneo, Marco"]
[Black "De Marchi, Alessandro"]
[Result "1-0"]
[WhiteElo "1703"]
[BlackElo "1612"]
[PlyCount "29"]
[EventDate "2019.??.??"]

1. d4 Nf6 2. c4 c5 3. d5 g6 4. Nf3 Bg7 5. g3 O-O 6. Bg2 d6 7. O-O Na6 8. Nc3
Nc7 9. Re1 a6 10. a4 Rb8 11. e4 e6 12. e5 dxe5 13. Nxe5 exd5 14. cxd5 b5 15.
Nc6 1-0

[Event "Memorial Perezzani 2019"]
[Site "?"]
[Date "2019.03.02"]
[Round "2.14"]
[White "Pavesi, Bianca"]
[Black "Jasimi, Alfred"]
[Result "0-1"]
[WhiteElo "1500"]
[BlackElo "1669"]
[PlyCount "70"]
[EventDate "2019.??.??"]

1. d4 d5 2. Nf3 Nf6 3. e3 Bg4 4. c4 e6 5. Be2 Bb4+ 6. Bd2 Bxd2+ 7. Nbxd2 O-O 8.
O-O Nbd7 9. Re1 c5 10. Rc1 cxd4 11. exd4 dxc4 12. Nxc4 Nd5 13. Qd2 N7f6 14. Bd1
Bf5 15. Bc2 Ne7 16. Bxf5 Nxf5 17. Red1 h6 18. Qd3 g5 19. h3 Nd5 20. Nce5 Nf4
21. Qd2 Qd5 22. Rc5 Qxa2 23. h4 f6 24. g3 fxe5 25. gxf4 g4 26. Nxe5 Nxh4 27.
Kh1 b6 28. Rc4 Rac8 29. Rc3 $11 Qd5+ 30. f3 Rxc3 31. Qxc3 Rxf4 32. Qc8+ Rf8 33.
Qc3 Nxf3 34. Nxf3 Rxf3 35. Qc8+ Rf8+ 0-1

[Event "Memorial Perezzani 2019"]
[Site "?"]
[Date "2019.03.02"]
[Round "2.15"]
[White "Fiscato, Claudio"]
[Black "Zonta, Riccardo"]
[Result "1/2-1/2"]
[WhiteElo "1636"]
[BlackElo "1539"]
[PlyCount "76"]
[EventDate "2019.??.??"]

1. e4 b6 2. d4 Bb7 3. Bd3 e6 4. Qe2 Nf6 5. Nf3 Be7 6. O-O O-O 7. c3 d6 8. Re1
Re8 9. Nbd2 Nbd7 10. Nf1 c5 11. Ng3 cxd4 12. Nxd4 Nc5 13. Bb5 Rf8 14. Nc6 Qc7
15. Nxe7+ Qxe7 16. e5 dxe5 17. Qxe5 Qd8 18. Bg5 Qd5 19. Qxd5 Nxd5 $11 20. Rad1
a6 21. Bf1 h6 22. Bc1 Rfd8 23. Rd2 Rd7 24. Red1 Rad8 25. Be2 Nf4 26. Rxd7 Nxe2+
27. Nxe2 Rxd7 28. Rxd7 Nxd7 $11 29. Be3 b5 30. f4 f6 31. b3 Kf7 32. c4 bxc4 33.
bxc4 Ke7 34. c5 e5 35. Kf2 Ke6 36. fxe5 fxe5 37. Nc3 Nf6 38. h3 Nd5 1/2-1/2

[Event "Memorial Perezzani 2019"]
[Site "?"]
[Date "2019.03.02"]
[Round "3.2"]
[White "Leone, Cataldo"]
[Black "Cervati, Michele"]
[Result "0-1"]
[WhiteElo "1490"]
[BlackElo "1729"]
[PlyCount "92"]
[EventDate "2019.??.??"]

1. e4 e6 2. d4 d5 3. e5 c5 4. c3 Nc6 5. Nf3 Qb6 6. a3 cxd4 7. cxd4 Bd7 8. Be2
Nge7 9. b4 Nf5 10. Bb2 Be7 11. O-O f6 12. g4 Nh6 13. h3 fxe5 14. Nxe5 Nxe5 15.
dxe5 a5 16. Bd4 Qc7 17. Nc3 O-O 18. b5 b6 19. a4 Nf7 20. Rc1 Qb8 21. f4 Nd8 22.
Bd3 Bc5 23. Bxc5 bxc5 24. g5 c4 25. Bxh7+ Kxh7 26. Qh5+ Kg8 27. g6 Rf5 28. Qh7+
Kf8 29. Qh8+ Ke7 30. Qxg7+ Nf7 31. gxf7 Rxf7 32. Qg5+ Kf8 33. Kh2 Qb6 34. Nd1
Qd4 35. Qh6+ Ke8 36. Qh8+ Rf8 37. Qh5+ Kd8 38. Qh4+ Kc7 39. Qf2 Qd3 40. Qc5+
Kb7 41. Nf2 Qd2 42. Kg1 Qxf4 43. Qd6 Qg3+ 44. Kh1 Rf7 45. Rc2 Rg7 46. Ne4 Qxh3+
0-1

[Event "Memorial Perezzani 2019"]
[Site "?"]
[Date "2019.03.02"]
[Round "3.3"]
[White "Zanirato, Stefano"]
[Black "Jimchi, Abdelaziz"]
[Result "1-0"]
[WhiteElo "1865"]
[BlackElo "1703"]
[PlyCount "93"]
[EventDate "2019.??.??"]

1. e4 d5 2. exd5 Qxd5 3. Nc3 Qd6 4. d4 Nf6 5. Nf3 c6 6. h3 Bf5 7. Bd3 Bxd3 8.
Qxd3 Nbd7 9. O-O e6 10. Ne4 Nxe4 11. Qxe4 Nf6 12. Qh4 Be7 13. Bg5 h6 14. c4 O-O
15. Bxf6 Bxf6 16. Qe4 Rfd8 17. Rad1 Qb4 18. b3 Rd7 19. Rd3 Rad8 20. Rfd1 Qa5
21. Qe2 Qf5 22. Qe3 a6 23. g4 Qa5 24. a4 b5 25. axb5 axb5 26. h4 bxc4 27. bxc4
e5 28. dxe5 Rxd3 29. Rxd3 Rxd3 30. Qxd3 Bxe5 31. Qe4 Bc7 32. Qe8+ Kh7 33. Qxf7
Bb6 34. g5 hxg5 35. hxg5 Qc5 36. Qh5+ Kg8 37. Qh4 Qf5 38. Kg2 Bd8 39. Qh3 Qxh3+
40. Kxh3 c5 41. Kg4 Kf7 42. Kf5 Bc7 43. Ne5+ Ke7 44. f4 Bd6 45. Ke4 Ke6 46. f5+
Ke7 47. Kd5 1-0

[Event "Memorial Perezzani 2019"]
[Site "?"]
[Date "2019.03.02"]
[Round "3.4"]
[White "Adami, Antonio"]
[Black "Negro, Raffaele"]
[Result "0-1"]
[WhiteElo "1787"]
[BlackElo "1831"]
[PlyCount "134"]
[EventDate "2019.??.??"]

1. d4 e6 2. Bf4 Nf6 3. e3 c5 4. c3 Nc6 5. Nd2 b6 6. Ngf3 d6 7. Bb5 Bd7 8. Nc4
d5 9. Nd6+ Bxd6 10. Bxd6 Ne4 11. Bg3 Nxg3 12. hxg3 Ne5 13. Nxe5 Bxb5 14. Qh5
Qf6 15. Qh4 Qxh4 16. Rxh4 Ke7 17. Kd2 f6 18. Nf3 h6 19. a4 Bd7 20. a5 c4 21.
Rhh1 Rhb8 22. Rhb1 Be8 23. Ne1 Bg6 24. Nc2 Kd6 25. Ra2 Ke7 26. Rba1 bxa5 27.
Kc1 Bd3 28. Rxa5 Rb7 29. Nb4 Bf1 30. Na6 Bxg2 31. Nc5 Rc7 32. Ra6 Bh3 33. R1a2
e5 34. Kd2 exd4 35. cxd4 Kf7 36. Rd6 Bg2 37. Ke2 Re7 38. f3 Rae8 39. Ra3 Rb8
40. Ra2 Bh3 41. Rxd5 Be6 42. Rd6 c3 43. b3 Bxb3 44. Nxb3 Rxb3 45. Rc2 Rb2 46.
Kd3 Rxe3+ 47. Kxe3 Rxc2 48. Rd7+ Kf8 49. Rxa7 Rg2 50. g4 c2 51. Rc7 g6 52. Kd3
h5 53. gxh5 gxh5 54. f4 h4 55. Ke3 h3 56. Kf3 Rd2 57. Ke3 h2 58. Kxd2 h1=Q 59.
Rxc2 Qe4 60. Kc3 Qxf4 61. Rd2 Qe3+ 62. Rd3 Qc1+ 63. Kb4 Ke7 64. Rc3 Qe1 65. Kc4
f5 66. Rd3 f4 67. Kc5 Qe2 0-1

[Event "Memorial Perezzani 2019"]
[Site "?"]
[Date "2019.03.02"]
[Round "3.5"]
[White "Rosina, Graziano"]
[Black "Pisani, Valerio"]
[Result "1-0"]
[WhiteElo "1763"]
[BlackElo "1737"]
[PlyCount "117"]
[EventDate "2019.??.??"]

1. Nf3 Nc6 2. e4 e5 3. Nc3 Nf6 4. Bb5 d6 5. d3 h6 6. O-O Be7 7. d4 exd4 8. Nxd4
Bd7 9. Nxc6 bxc6 10. Bc4 O-O 11. Bf4 Be6 12. Bxe6 fxe6 13. e5 Nd5 14. Nxd5 cxd5
15. Bg3 Rb8 16. b3 dxe5 17. Bxe5 Bf6 18. Qe2 Qe7 19. Rfe1 Rbe8 20. Qa6 c5 21.
Rad1 Rf7 22. Bxf6 Rxf6 23. Re5 Qf7 24. f3 Rg6 25. Qe2 Rd8 26. Kh1 Rf6 27. c4
Rd7 28. cxd5 exd5 29. Qd3 Rfd6 30. Rde1 Qg6 31. Qxg6 Rxg6 32. Rd1 Rgd6 33. Kg1
Kf7 34. Kf2 Kf6 35. Re8 Rc6 36. Re2 d4 37. Red2 Ke5 38. Rc1 a5 39. Rc4 Kd5 40.
Re2 Rb6 41. f4 Rb4 42. Re5+ Kd6 43. Rcxc5 a4 44. Red5+ Ke6 45. Rxd7 Kxd7 46.
Rc4 Rxc4 47. bxc4 Kc6 48. Ke2 Kc5 49. Kd3 Kb4 50. Kxd4 Ka3 51. c5 Kxa2 52. c6
Kb2 53. c7 a3 54. c8=Q a2 55. Qb7+ Kc2 56. Qe4+ Kb3 57. Qd3+ Kb2 58. Qc3+ Kb1
59. Kd3 1-0

[Event "Memorial Perezzani 2019"]
[Site "?"]
[Date "2019.03.02"]
[Round "3.6"]
[White "Adami, Alessandro"]
[Black "Vitaliani, Marco"]
[Result "1-0"]
[WhiteElo "1797"]
[BlackElo "1637"]
[PlyCount "108"]
[EventDate "2019.??.??"]

1. e4 e6 2. d4 d5 3. exd5 exd5 4. Bd3 Nf6 5. h3 Bd6 6. Qf3 Nbd7 7. Bf4 Bxf4 8.
Qxf4 O-O 9. Ne2 b6 10. g4 Bb7 11. Nd2 c5 12. c3 Re8 13. Qf3 cxd4 14. cxd4 Rc8
15. O-O Ne4 16. Nb3 Ndf6 17. Qg2 Qd6 18. f3 Ng5 19. h4 Ne6 20. f4 Ne4 21. f5
Nd8 22. g5 Rc7 23. Rac1 Nc6 24. a3 f6 25. Nf4 Bc8 26. Nh5 Kh8 27. Bxe4 dxe4 28.
gxf6 gxf6 29. Rf4 Rg8 30. Rg4 Rxg4 31. Qxg4 Nxd4 32. Rxc7 Qxc7 33. Nxd4 Qc1+
34. Kh2 Qd2+ 35. Ne2 Qd6+ 36. Qg3 Qe7 37. Nd4 e3 38. Ne6 e2 39. Nhf4 Bxe6 40.
Nxe6 h6 41. Qe3 Qd6+ 42. Kh3 Qd7 43. Qxh6+ Kg8 44. Qg6+ Kh8 45. Qxf6+ Kg8 46.
Qg6+ Kh8 47. Qh5+ Qh7 48. Qxe2 Qxf5+ 49. Kh2 b5 50. b4 Kg8 51. Qg2+ Kf7 52.
Ng5+ Kg8 53. Qa8+ Kg7 54. Qxa7+ Kh6 1-0

[Event "Memorial Perezzani 2019"]
[Site "?"]
[Date "2019.03.02"]
[Round "3.7"]
[White "Roiatti, Noris"]
[Black "Sottroi, Carlo"]
[Result "0-1"]
[WhiteElo "1685"]
[BlackElo "1731"]
[PlyCount "52"]
[EventDate "2019.??.??"]

1. e4 e5 2. Nf3 Nc6 3. d4 exd4 4. Nxd4 Be7 5. Bc4 Ne5 6. Bb3 c5 7. Nf5 c4 8.
Qd5 Qc7 9. Ba4 Nf6 10. Qd1 Bc5 11. Be3 Nxe4 12. Nxg7+ Kd8 13. Qd5 Rg8 14. Qxe4
Rxg7 15. Nc3 Bb4 16. Bd4 f6 17. f4 Ng4 18. h3 Re7 19. Qxe7+ Kxe7 20. O-O Bxc3
21. Bxc3 Qc5+ 22. Kh1 Nf2+ 23. Kh2 Ne4 24. Be1 b5 25. a3 Kf7 26. Bb4 Qc6 0-1

[Event "Memorial Perezzani 2019"]
[Site "?"]
[Date "2019.03.02"]
[Round "3.8"]
[White "De Paoli, Emilio"]
[Black "Belloni, Umberto"]
[Result "0-1"]
[WhiteElo "1718"]
[BlackElo "1630"]
[PlyCount "164"]
[EventDate "2019.??.??"]

1. e4 e6 2. d4 d5 3. Nc3 dxe4 4. Nxe4 Nf6 5. Nxf6+ gxf6 6. Nf3 b6 7. Bd3 Bb7 8.
c3 Bd6 9. Qe2 h5 10. Be4 c6 11. g3 Qc7 12. Bd2 Nd7 13. O-O-O O-O-O 14. Rhe1 b5
15. c4 bxc4 16. Qxc4 Nb6 17. Qb3 Kb8 18. Ba5 Ka8 19. Kb1 c5 20. Bxb7+ Qxb7 21.
dxc5 Bxc5 22. Rc1 Rd5 23. Nd2 Bxf2 24. Rf1 Bd4 25. Bxb6 Qxb6 26. Qxb6 Bxb6 27.
Ne4 f5 28. Nc3 Rd2 29. Rc2 Rhd8 30. Re1 Kb7 31. Re2 R2d3 32. a3 a6 33. Ka2 Bd4
34. Nb1 Rc8 35. Rxc8 Kxc8 36. Nd2 Kd7 37. Nb3 Ba7 38. Nc1 Rd5 39. Rc2 e5 40.
Ne2 Bd4 41. Nxd4 Rxd4 42. Kb3 Rd5 43. Ka4 e4 44. b4 Rd3 45. Rc5 Rf3 46. Rd5+
Kc6 47. Ra5 Kb6 48. b5 axb5+ 49. Rxb5+ Kc6 50. Kb4 Rb3+ 51. Kxb3 Kxb5 52. h3
Ka5 53. Kc3 Kb5 54. Kb3 Kc5 55. Kc3 Kb5 56. Kb3 f4 57. gxf4 f5 58. Kc3 h4 59.
Kb3 Kc5 60. Kc3 Kd5 61. a4 Kc5 62. Kb3 Kd4 63. a5 Kc5 64. a6 Kb6 65. Kb4 Kxa6
66. Kc4 Kb6 67. Kb4 Kc7 68. Kc3 Kc6 69. Kc4 Kb6 70. Kb4 Ka6 71. Kc4 Ka5 72. Kc3
Ka4 73. Kc4 Ka3 74. Kc3 Ka4 75. Kc4 Ka5 76. Kc3 Kb5 77. Kb3 Kc5 78. Kc3 Kd5 79.
Kd2 Kd4 80. Ke2 e3 81. Kf3 Kd3 82. Kg2 Ke4 0-1

[Event "Memorial Perezzani 2019"]
[Site "?"]
[Date "2019.03.02"]
[Round "3.9"]
[White "Jasimi, Alfred"]
[Black "Gneo, Marco"]
[Result "0-1"]
[WhiteElo "1669"]
[BlackElo "1703"]
[PlyCount "64"]
[EventDate "2019.??.??"]

1. e4 c5 2. Nf3 e6 3. d4 cxd4 4. Nxd4 a6 5. Bc4 Qc7 6. Bb3 Nf6 7. Nd2 b5 8. O-O
Bb7 9. Re1 Be7 10. e5 Nd5 11. c4 Nf4 12. Qg4 g5 13. N4f3 h5 14. Qg3 Rg8 15. Ne4
Bxe4 16. Rxe4 bxc4 17. Bxc4 Qxc4 18. Rxf4 Qe2 19. Bd2 g4 20. h4 Rg6 21. Rxf7
Kxf7 22. Qf4+ Kg7 23. Re1 Qd3 24. Re3 Qb1+ 25. Re1 Qxa2 26. Ng5 Bxg5 27. hxg5
Nc6 28. Bc3 Qd5 29. Qc1 Rf8 30. Rd1 Qc5 31. Rxd7+ Kg8 32. Qd2 g3 0-1

[Event "Memorial Perezzani 2019"]
[Site "?"]
[Date "2019.03.02"]
[Round "3.10"]
[White "Aliberti, Nicola"]
[Black "Conte, Roberto"]
[Result "1-0"]
[WhiteElo "1690"]
[BlackElo "1506"]
[PlyCount "85"]
[EventDate "2019.??.??"]

1. d4 b5 2. Nf3 Bb7 3. Bf4 a6 4. e3 e6 5. Be2 Nf6 6. h3 Be7 7. O-O d6 8. Nbd2
Nbd7 9. c3 h6 10. a4 Nd5 11. Bh2 b4 12. c4 N5f6 13. a5 c5 14. Nb3 Ne4 15. Nfd2
Ndf6 16. Nxe4 Nxe4 17. f3 Ng5 18. dxc5 dxc5 19. Qxd8+ Rxd8 20. Rfd1 O-O 21. Bc7
Rxd1+ 22. Rxd1 Bc8 23. Bb6 e5 24. Bxc5 Bxc5 25. Nxc5 Ne6 26. Nxe6 Bxe6 27. b3
f6 28. Rd6 Bc8 29. Kf2 Re8 30. Rb6 Kf8 31. Rxb4 Rd8 32. Ke1 Ke7 33. Rb6 Rd6 34.
Rxd6 Kxd6 35. b4 Kc6 36. Kd2 Bb7 37. f4 e4 38. Bh5 Kd6 39. Kc3 Bc6 40. Kd4 Bd7
41. Bf7 Bc8 42. Kxe4 Bb7+ 43. Bd5 1-0

[Event "Memorial Perezzani 2019"]
[Site "?"]
[Date "2019.03.02"]
[Round "3.11"]
[White "Sala, Giulia"]
[Black "Perantoni, Matteo"]
[Result "0-1"]
[WhiteElo "1774"]
[BlackElo "1680"]
[PlyCount "96"]
[EventDate "2019.??.??"]

1. e4 e5 2. Nf3 Nc6 3. Bc4 Bc5 4. c3 Nf6 5. d3 h6 6. Nbd2 d6 7. O-O O-O 8. a4
a5 9. Re1 Be6 10. Bb3 Qd7 11. Nf1 Rfe8 12. Bc2 d5 13. exd5 Bxd5 14. Be3 Qd6 15.
Bxc5 Qxc5 16. Ne3 Rad8 17. Nxd5 Nxd5 18. Qd2 Nf4 19. Nxe5 Nxg2 20. Kxg2 Rxe5
21. Rxe5 Nxe5 22. Qe2 Qd5+ 23. Qe4 Qxe4+ 24. dxe4 Rd2 25. Rc1 Nc4 26. Kf1 Nxb2
27. Ke1 Rd6 28. Rb1 Rb6 29. e5 Kf8 30. Rc1 Ke7 31. f4 f6 32. exf6+ Kxf6 33. Kf2
Rd6 34. Ke2 Nc4 35. Bd3 Nb6 36. Bc2 Nd5 37. c4 Nxf4+ 38. Ke3 Ke5 39. Rb1 b6 40.
Rf1 Rf6 41. Rd1 Ng2+ 42. Ke2 Rd6 43. Rg1 Nf4+ 44. Ke3 g5 45. Kf3 Kd4 46. Bb3
Kc3 47. Ba2 Kb4 48. Rb1+ Ka3 0-1

[Event "Memorial Perezzani 2019"]
[Site "?"]
[Date "2019.03.02"]
[Round "3.13"]
[White "Marcori, Mirko"]
[Black "Crestani, Federico"]
[Result "1-0"]
[WhiteElo "1733"]
[BlackElo "1525"]
[PlyCount "97"]
[EventDate "2019.??.??"]

1. Nf3 Nf6 2. d4 g6 3. b3 Bg7 4. Bb2 O-O 5. c4 d6 6. g3 Nbd7 7. Bg2 c5 8. dxc5
Qa5+ 9. Nbd2 Qxc5 10. O-O Qc7 11. e3 Rb8 12. Nd4 a6 13. Rc1 Nc5 14. Qc2 Bd7 15.
Qb1 Qc8 16. b4 e5 17. bxc5 exd4 18. cxd6 dxe3 19. fxe3 Ng4 20. Bxg7 Kxg7 21.
Qb2+ Kg8 22. Qd4 Re8 23. e4 Ne5 24. Rf2 Ng4 25. Rf4 Ne5 26. Rcf1 Bc6 27. c5 Bb5
28. R1f2 Qe6 29. Rf6 Qd7 30. Bf1 Bc6 31. Bc4 Nxc4 32. Qxc4 Rf8 33. e5 Rbe8 34.
Qf4 Bd5 35. h4 Qh3 36. Rh2 Qd7 37. h5 Qb5 38. hxg6 Qxc5+ 39. Rf2 Qc1+ 40. Rf1
Qc5+ 41. Kh2 hxg6 42. Qg5 Qc2 43. R1f2 Qc1 44. Rf1 Qc2 45. R6f2 Qc8 46. Rf4 Qc2
47. R1f2 Qc1 48. Nf1 Kg7 49. Qf6+ 1-0

[Event "Memorial Perezzani 2019"]
[Site "?"]
[Date "2019.03.02"]
[Round "3.13"]
[White "Casarotto, Michele"]
[Black "Tencheni, Maurizio"]
[Result "1/2-1/2"]
[WhiteElo "1714"]
[BlackElo "1599"]
[PlyCount "108"]
[EventDate "2019.??.??"]

1. e4 b6 2. d4 Bb7 3. Nc3 e6 4. Nf3 h6 5. Bd3 g6 6. O-O Bg7 7. Bf4 d6 8. Qd2
Nd7 9. Nb5 a6 10. Na3 Ne7 11. c3 g5 12. Bg3 Ng6 13. Qe3 Nf6 14. h3 Nh5 15. Bh2
Nhf4 16. Bc2 Qd7 17. e5 Nd5 18. Qe2 b5 19. Bxg6 fxg6 20. Rfe1 O-O 21. exd6 Rae8
22. dxc7 Nxc7 23. Ne5 Qd5 24. f3 Bxe5 25. Bxe5 Na8 26. Qd3 Kh7 27. c4 bxc4 28.
Nxc4 Rd8 29. Rad1 Rf7 30. Re3 Bc6 31. b3 Rb7 32. Rde1 Bb5 33. a4 Bc6 34. Bf6
Re8 35. Re5 Qd7 36. Na5 Rb6 37. Nxc6 Rxc6 38. Qe3 Nc7 39. Rc5 Nd5 40. Qe5 Rxc5
41. dxc5 Nf4 42. Qd6 Qf7 43. Be5 Rd8 44. Qxa6 Nd3 45. Qa5 Rd5 46. Rd1 Nxe5 47.
Rxd5 exd5 48. Qd2 Qe6 49. b4 Nc4 50. Qd4 Qe1+ 51. Kh2 Qxb4 52. Qxd5 Qb8+ 53.
Kh1 Qb1+ 54. Kh2 Qb8+ 1/2-1/2

[Event "Memorial Perezzani 2019"]
[Site "?"]
[Date "2019.03.02"]
[Round "3.14"]
[White "Zonta, Riccardo"]
[Black "Frescura, Davide"]
[Result "0-1"]
[WhiteElo "1539"]
[BlackElo "1645"]
[PlyCount "88"]
[EventDate "2019.??.??"]

1. e4 c5 2. d3 Nc6 3. g3 g6 4. Bg2 Bg7 5. c3 e6 6. Be3 d6 7. Ne2 Nge7 8. O-O b5
9. a3 Bd7 10. Qc2 a5 11. Nd2 O-O 12. f4 b4 13. axb4 axb4 14. Bf2 bxc3 15. bxc3
Qc7 16. Rfb1 Nb4 17. Qd1 Nxd3 18. e5 Nxf2 19. Kxf2 d5 20. c4 Rxa1 21. Rxa1 d4
22. Ne4 Nf5 23. Qd3 Ne3 24. Bh1 Rb8 25. Nd6 Bc6 26. Be4 Bf8 27. Nb5 Qb7 28.
Bxc6 Qxc6 29. Rg1 Ng4+ 30. Ke1 Nxh2 31. Kd1 Ra8 32. Nc1 Ng4 33. Kd2 Ne3 34. Ke1
Qf3 35. Qe2 Qxe2+ 36. Kxe2 Nxc4 37. Kd3 Ne3 38. Ne2 Ra2 39. Rc1 c4+ 40. Kxd4
Rxe2 41. Nd6 Bxd6 42. exd6 Nf5+ 43. Kc5 Rd2 44. Rxc4 Nxd6 0-1

[Event "Memorial Perezzani 2019"]
[Site "?"]
[Date "2019.03.02"]
[Round "3.15"]
[White "Cortese, Lina"]
[Black "Fiscato, Claudio"]
[Result "0-1"]
[WhiteElo "1634"]
[BlackElo "1636"]
[PlyCount "117"]
[EventDate "2019.??.??"]

1. c4 e5 2. Nc3 Nf6 3. g3 h6 4. Bg2 Bb4 5. Qc2 c6 6. a3 Be7 7. Nf3 d6 8. d3 Be6
9. O-O O-O 10. b4 Nbd7 11. Rd1 Qc7 12. Bb2 d5 13. cxd5 Nxd5 14. Rac1 Nxc3 15.
Bxc3 a5 16. Qb2 axb4 17. Bxb4 Bxb4 18. Qxb4 Ra7 19. Nd2 Rfa8 20. Ra1 Nf6 21.
Rdc1 Bd5 22. Bxd5 Nxd5 23. Qb3 Qe7 24. Nc4 b5 25. Nd2 Rxa3 26. Rxa3 Rxa3 27.
Qb2 Ra6 28. Nf3 f6 29. Ra1 Qa7 30. Rxa6 Qxa6 31. Qb3 Qa4 32. Qb1 Nc3 33. Qb2 b4
34. Kg2 c5 35. e3 Qa3 36. Qd2 Qa2 37. Qc1 Qa3 38. Qc2 Qa4 39. Qc1 Kh7 40. Nd2
Qa3 41. Qc2 Qa2 42. Qc1 h5 43. h4 g6 44. e4 Qa6 45. Nc4 Qa2 46. Qe3 Na4 47. Qf3
Kg7 48. Nd6 Qe6 49. Nc4 Qc6 50. Qe3 b3 51. Qd2 Qb7 52. Nb2 Nxb2 53. Qxb2 Qb5
54. Qa3 b2 55. Qa7+ Kf8 56. Qa8+ Ke7 57. Qa7+ Ke6 58. Qa2+ Kd6 59. Qb1 0-1

[Event "Memorial Perezzani 2019"]
[Site "?"]
[Date "2019.03.02"]
[Round "3.16"]
[White "De Marchi, Alessandro"]
[Black "Pavesi, Bianca"]
[Result "1-0"]
[WhiteElo "1612"]
[BlackElo "1500"]
[PlyCount "69"]
[EventDate "2019.??.??"]

1. Nf3 d5 2. d4 Nf6 3. c4 e6 4. Nc3 c6 5. e3 Bd6 6. Bd3 O-O 7. O-O Nbd7 8. b3
Re8 9. Bb2 e5 10. Nxe5 Nxe5 11. dxe5 Bxe5 12. Be2 Be6 13. Qc2 dxc4 14. bxc4 Qc7
15. h3 Rad8 16. Rfd1 Qa5 17. f4 Bc7 18. Kh2 Bf5 19. Qc1 Qc5 20. Rxd8 Bxd8 21.
Nd1 Be7 22. Bd4 Qa5 23. Bc3 Qd8 24. Qb2 b6 25. a4 Bc5 26. Be5 Be7 27. g4 Bc8
28. Bf3 Bb7 29. g5 Nd7 30. Bxg7 f6 31. gxf6 Nxf6 32. Bh6 a5 33. Qg2+ Kf7 34. f5
Qd7 35. Qg7# 1-0

[Event "Memorial Perezzani 2019"]
[Site "?"]
[Date "2019.03.03"]
[Round "4.1"]
[White "Cervati, Michele"]
[Black "Rosina, Graziano"]
[Result "1/2-1/2"]
[WhiteElo "1729"]
[BlackElo "1763"]
[PlyCount "111"]
[EventDate "2019.??.??"]

1. e4 e5 2. Nf3 Nf6 3. Nc3 Nc6 4. Bb5 Bb4 5. Nd5 Nxd5 6. exd5 Nd4 7. Nxd4 exd4
8. Qg4 Qe7+ 9. Be2 Qe5 10. Qg3 Bd6 11. Qxe5+ Bxe5 12. O-O O-O 13. d3 Bf6 14.
Bf3 d6 15. b3 Bd7 16. Ba3 a5 17. Be4 b5 18. b4 a4 19. f4 Rac8 20. Bb2 c6 21.
dxc6 Bxc6 22. Bf5 Rc7 23. a3 Re8 24. Rae1 Rce7 25. Rxe7 Rxe7 26. Kf2 g6 27. Bh3
Kf8 28. g3 Rc7 29. Rc1 Bd5 30. Ke2 Be6 31. Bg2 Bg4+ 32. Kd2 g5 33. c3 gxf4 34.
gxf4 Re7 35. Bf1 dxc3+ 36. Bxc3 Kg7 37. Bxf6+ Kxf6 38. Rc6 Kf5 39. Rxd6 Kxf4
40. d4 Rd7 41. Rxd7 Bxd7 42. d5 Ke4 43. Bg2+ Kd4 44. Bf3 f6 45. h4 h6 46. Bg2
Kc4 47. Kc2 f5 48. Bf3 f4 49. Bg2 Bf5+ 50. Kb2 Kd4 51. d6 Bd7 52. Kc2 Ke3 53.
Kc3 f3 54. Bf1 f2 55. Bd3 Be6 56. Bf1 1/2-1/2

[Event "Memorial Perezzani 2019"]
[Site "?"]
[Date "2019.03.03"]
[Round "4.2"]
[White "Pieropan, Giorgio"]
[Black "Zanirato, Stefano"]
[Result "0-1"]
[WhiteElo "1792"]
[BlackElo "1865"]
[PlyCount "104"]
[EventDate "2019.??.??"]

1. d4 d6 2. Nf3 Bg4 3. Bf4 Nf6 4. Nbd2 Nbd7 5. e3 e5 6. Bg5 Be7 7. h3 Bh5 8.
Be2 e4 9. Nh2 Bxe2 10. Qxe2 c6 11. c4 Qa5 12. Bxf6 Nxf6 13. O-O O-O 14. Nb3 Qa6
15. a4 d5 16. Nd2 Bb4 17. Rac1 Bxd2 18. Qxd2 dxc4 19. Qb4 c3 20. Qxc3 Nd5 21.
Qc4 Qxc4 22. Rxc4 f5 23. g3 g5 24. Re1 Rae8 25. b4 a6 26. b5 Nb6 27. Rb4 cxb5
28. axb5 a5 29. Rbb1 Rc8 30. f3 h5 31. Kf2 Rc2+ 32. Re2 Rfc8 33. Rb2 Rxb2 34.
Rxb2 a4 35. Nf1 Rc3 36. fxe4 f4 37. exf4 gxf4 38. gxf4 Rxh3 39. Nd2 Rh2+ 40.
Kg3 Re2 41. Kf3 Re1 42. Ra2 Rc1 43. d5 Rc3+ 44. Kf2 h4 45. d6 Kf7 46. Nf3 h3
47. d7 Ke7 48. Ne5 a3 49. f5 Nxd7 50. Nxd7 Kxd7 51. e5 Rb3 52. Kg1 Rb1+ 0-1

[Event "Memorial Perezzani 2019"]
[Site "?"]
[Date "2019.03.03"]
[Round "4.3"]
[White "Negro, Raffaele"]
[Black "Magnabosco, Mauro Denis"]
[Result "1/2-1/2"]
[WhiteElo "1831"]
[BlackElo "1699"]
[PlyCount "66"]
[EventDate "2019.??.??"]

1. d4 Nf6 2. Bf4 e6 3. e3 b6 4. Nf3 Bb7 5. c4 c5 6. a3 Be7 7. Nfd2 O-O 8. Nc3
cxd4 9. exd4 d5 10. Nf3 a6 11. Be2 Nbd7 12. O-O dxc4 13. Bxc4 b5 14. Bb3 Nb6
15. Ne5 Nbd5 16. Nxd5 Nxd5 17. Be3 Bg5 18. Bxg5 Qxg5 19. Nf3 Qd8 20. Qd2 Qd6
21. Ne5 Nf6 22. Qe3 Rfd8 23. Rad1 Rac8 24. Rfe1 Bd5 25. Bxd5 Qxd5 26. h3 h6 27.
Qd3 Rc7 28. Nf3 Qd6 29. Rc1 Rdc8 30. Rxc7 Qxc7 31. Kf1 Nd5 32. Qd2 Qc4+ 33. Kg1
Qc7 1/2-1/2

[Event "Memorial Perezzani 2019"]
[Site "?"]
[Date "2019.03.03"]
[Round "4.4"]
[White "Belloni, Umberto"]
[Black "Adami, Alessandro"]
[Result "0-1"]
[WhiteElo "1630"]
[BlackElo "1797"]
[PlyCount "76"]
[EventDate "2019.??.??"]

1. d4 Nf6 2. Bg5 d6 3. e3 Bf5 4. Bxf6 gxf6 5. Qf3 Qc8 6. Bd3 Bg6 7. Nc3 Nd7 8.
Nge2 Bg7 9. h4 e5 10. Bxg6 fxg6 11. h5 f5 12. hxg6 hxg6 13. Rxh8+ Bxh8 14. Qg3
Kf7 15. O-O-O c6 16. Qf3 Bf6 17. g4 exd4 18. exd4 Nb6 19. Rg1 fxg4 20. Rxg4 Qf5
21. Qg2 Re8 22. Rf4 Qh5 23. f3 d5 24. Rg4 Nc4 25. Nd1 Qh6+ 26. f4 Ne3 27. Nxe3
Rxe3 28. Rg3 Rxe2 29. Qxe2 Qxf4+ 30. Qe3 Qxe3+ 31. Rxe3 Bg5 32. Kd2 Kf6 33. Ke2
Bxe3 34. Kxe3 Kg5 35. Kf3 Kh4 36. a4 g5 37. a5 g4+ 38. Kg2 g3 0-1

[Event "Memorial Perezzani 2019"]
[Site "?"]
[Date "2019.03.03"]
[Round "4.5"]
[White "Sottroi, Carlo"]
[Black "Aliberti, Nicola"]
[Result "1/2-1/2"]
[WhiteElo "1731"]
[BlackElo "1690"]
[PlyCount "74"]
[EventDate "2019.??.??"]

1. e4 c6 2. d4 d5 3. f3 e6 4. c3 b6 5. Bd3 c5 6. exd5 exd5 7. dxc5 Qe7+ 8. Kf2
Qxc5+ 9. Be3 Qd6 10. Ne2 Nf6 11. Re1 Be7 12. Bf4 Qd8 13. Nd4 Bb7 14. Nb5 O-O
15. Kf1 Nc6 16. Bf5 Ba6 17. a4 Bd6 18. Bxd6 Qxd6 19. g3 Bxb5+ 20. axb5 Ne7 21.
Bd3 Ng6 22. Nd2 Qd7 23. Kg2 Rfe8 24. Qc2 Rxe1 25. Rxe1 Re8 26. Qd1 Rxe1 27.
Qxe1 Qe8 28. Qxe8+ Nxe8 29. f4 Ne7 30. Nf3 f6 31. Nd4 Nc7 32. Kf2 h6 33. Ke3
Kf8 34. b3 Ke8 35. g4 Kd7 36. h4 Kd6 37. b4 Kd7 1/2-1/2